1397 1793 1047 1368 1232 1592 1370 1525 1788 1042 1020 1217 1424 1564 1082 1370 1830 1786 1144 1074 1501 1014 1827 1620 1515 1305 1748 1627 1597 1684 1003 1158 1216 1710 1098 1737 1450 1471 1290 1891 1753 1341 1718 1673 1158 1995 1410 1995 1098 1988 1488 1797 1475 1214 1358 1571 1301 1612 1880 1334 1640 1200 1483 1676 1900 1778 1387 1326 1842 1628 1646 1311 1111 1966 1207 1029 1630 1897 1424 1694 1236 1712 1045 1486 1578 1086 1313 1170 1320 1415 1436 1374 1674 1178 1845 1422 1343 1704 1172 BCNSPRNW ULIB Ver.6.0+V

เปลี่ยนเป็นภาษาไทย

Change to English
 แสดงรายละเอียดบรรณานุกรม
  กลับหน้าหลัก

Brief Record : Get Marc (ISO 2709) : E-mail record : QR code < ปิดหน้าต่าง
LEADER : 00000nam 2200000uu 4500
001    13399127975
003     ULIB
008    211124s2563||||th 000 0 tha d
020 ^a ^a9786165723305
050 4  ^aHA32^bช418ก
100  ^ aชูศักดิ์ จรูญสวัสดิ์.
245 0  ^aการวิเคราะห์ข้อมูลและการใช้สถิติในงานวิจัย / ^cชูศักดิ์ จรูญสวัสดิ์.
250 ^a ^aพิมพ์ครั้งที่ 2 (ฉบับปรับปรุงใหม่)
260 ^a ^aปทุมธานี : ^bบริษัท คิสุกะ (ประเทศไทย) จำกัด,^c2563.
300 ^a ^a558 หน้า : ^bภาพประกอบ ; ^c24 ซม.
630 4  ^aเอสพีเอสเอส (โปรแกรมคอมพิวเตอร์)
650 4  ^aสถิติ^xการประมวลผลข้อมูล.
650 4  ^aวิจัย^xการประมวลผลข้อมูล.
945    ^p390^l0^i29137
945    ^p390^l0^i29138
945    ^p390^l0^i29139
945    ^p390^l0^i29140
945    ^p390^l0^i29141
999    ^aกัณชพร จุลอักษร
รายการนี้ยังไม่มีแท็ก
คุณยังไม่ได้ล็อกอิน คุณสามารถมีกิจกรรมร่วมกับเว็บไซต์ได้ แต่ต้องล็อกอินก่อน ::
  ล็อกอิน

รายการสื่อสารสนเทศ

ลำดับที่ ประเภท เลขเรียก/บาร์โค้ด สถานที่ สถานะ
1. หนังสือสำรอง
หนังสือสำรอง
HA32 ช418ก ฉ.1 
  Barcode: 29137
ห้องสมุดวิทยาเขตนครสวรรค์
►หนังสือทั่วไป:l:General Books
บนชั้น
2. วิทยาศาสตร์การแพทย์ และสุขภาพ
วิทยาศาสตร์การแพทย์ และสุขภาพ
HA32 ช418ก ฉ.2 
  Barcode: 29138
ห้องสมุดวิทยาเขตนครสวรรค์
►หนังสือทั่วไป:l:General Books
บนชั้น
3. วิทยาศาสตร์การแพทย์ และสุขภาพ
วิทยาศาสตร์การแพทย์ และสุขภาพ
HA32 ช418ก ฉ.3 
  Barcode: 29139
ห้องสมุดวิทยาเขตนครสวรรค์
►หนังสือทั่วไป:l:General Books
บนชั้น
4. วิทยาศาสตร์การแพทย์ และสุขภาพ
วิทยาศาสตร์การแพทย์ และสุขภาพ
HA32 ช418ก ฉ.4 
  Barcode: 29140
ห้องสมุดวิทยาเขตนครสวรรค์
►หนังสือทั่วไป:l:General Books
บนชั้น
5. วิทยาศาสตร์การแพทย์ และสุขภาพ
วิทยาศาสตร์การแพทย์ และสุขภาพ
HA32 ช418ก ฉ.5 
  Barcode: 29141
ห้องสมุดวิทยาเขตนครสวรรค์
►หนังสือทั่วไป:l:General Books
บนชั้น

BibComment


ยังไม่เคยถูกคอมเมนท์

คอมเมนท์ทรัพยากรรายการนี้
  คอมเมนท์: การวิเคราะห์ข้อม..


 Copyright 2026. Bcnsprnw @Library